Prevenir el sida : guía para padres y educadores /

Uloženo v:
Podrobná bibliografie
Hlavní autor: Espada Sánchez, José Pedro (autor)
Další autoři: Quiles Sebastián, María José (autor) (autor)
Médium: Kniha
Jazyk:španělština
Vydáno: Madrid, España : Pirámide, 2002, c2002
Edice:(Ojos Solares. Tratamiento)
Témata:
Tagy: Přidat tag
Žádné tagy, Buďte první, kdo vytvoří štítek k tomuto záznamu!

MARC

LEADER 00000nam^a2200000^a^4500
001 000173839
005 20250521000000.0
009 20260310101508.772
020 |a 84-368-1628-5 
037 |a Acervo ITESO - Biblioteca 
041 |a ESP 
082 |a 370. 1934  |b ESP 
100 |a Espada Sánchez, José Pedro  |e (autor) 
245 1 0 |a Prevenir el sida :  |b guía para padres y educadores /  |c J.P. Espada Sánchez, M.J. Quiles Sebastián ; pról. de Juan Preciado. 
264 4 |a Madrid, España :  |b Pirámide,  |c 2002, c2002 
300 |a 238 p. +  |e 1 disco compacto de computadora 
336 |a texto  |b txt  |2 rdacontenido 
337 |a sin mediación  |b n  |2 rdamedio 
338 |a volumen  |b nc  |2 rdasoporte 
440 1 |a (Ojos Solares.  |p Tratamiento) 
649 |a XX 
650 |a Jóvenes -  |x Cuidado e Higiene 
650 |a SIDA -  |x Aspectos Sociales y Culturales 
650 |a SIDA -  |x Prevención 
650 |a Virus 
650 |a Enfermedades Infecciosas 
650 |a Enfermedades de Transmisión Sexual 
650 |a Prácticas Sexuales 
650 |a Sexualidad 
650 |a Salud Pública 
650 |a Política y Salud Pública 
650 |a Educación y Promoción Popular 
650 |a Educación y Salud 
700 |a Quiles Sebastián, María José  |e (autor) 
910 |a Fondo General 
920 |a Impresos - Libros 
930 |a Colección General 
905 |a 101 
901 |a 0500111479  |b IT1  |c ACC  |u 20250521 
901 |a 0500111451  |b IT2  |c SWS  |u 20250521 
902 |a https://opac.biblio.iteso.mx/vufind/Record/000173839